[Event "HUN Youth Ch U16 Boys Final"]
[Site "?"]
[Date "2013.06.21"]
[Round "1.5"]
[White "Csonka, Balazs"]
[Black "Nemeti, Kornel"]
[Result "1/2-1/2"]
[WhiteElo "2354"]
[BlackElo "1997"]
[PlyCount "45"]
[EventDate "2013.??.??"]

1. d4 d5 2. Nf3 Nf6 3. c4 e6 4. g3 c5 5. Bg2 Nc6 6. O-O Be7 7. cxd5 exd5 8. Nc3
O-O 9. Bg5 cxd4 10. Nxd4 Qb6 11. Nb3 Be6 12. Bxf6 Bxf6 13. Nxd5 Bxd5 14. Qxd5
Bxb2 15. Rab1 Ba3 16. e3 Rfd8 17. Qe4 Qa6 18. Rfd1 Qe2 19. Rxd8+ Rxd8 20. Bf1
Qh5 21. Qa4 Bf8 22. Nd4 Qa5 23. Qxa5 1/2-1/2

[Event "HUN Youth Ch U16 Boys Final"]
[Site "?"]
[Date "2013.06.22"]
[Round "2.1"]
[White "Juhasz, Armin"]
[Black "Nemeti, Kornel"]
[Result "1-0"]
[WhiteElo "2214"]
[BlackElo "1997"]
[PlyCount "51"]
[EventDate "2013.??.??"]

1. d4 d5 2. c4 e6 3. Nc3 Nf6 4. Bg5 Be7 5. Nf3 h6 6. Bh4 O-O 7. e3 Nbd7 8. Rc1
c6 9. Bd3 dxc4 10. Bxc4 Nb6 11. Bd3 Nfd5 12. Bg3 Nxc3 13. bxc3 c5 14. O-O Nd5
15. Ne5 Nf6 16. Bb1 Bd7 17. Qd3 Be8 18. Rfd1 cxd4 19. cxd4 Ba4 20. Re1 Qd5 21.
Rc7 Rfe8 22. Ng4 g6 23. Nxh6+ Kg7 24. Nxf7 Qf5 25. Qxf5 gxf5 26. Nd6 1-0

[Event "HUN Youth Ch U16 Boys Final"]
[Site "?"]
[Date "2013.06.22"]
[Round "2.2"]
[White "Nagybiro, Laszlo"]
[Black "Csonka, Balazs"]
[Result "0-1"]
[WhiteElo "1841"]
[BlackElo "2354"]
[PlyCount "54"]
[EventDate "2013.??.??"]

1. e4 c5 2. Nc3 Nc6 3. f4 g6 4. Nf3 Bg7 5. Bc4 d6 6. O-O Nf6 7. f5 O-O 8. d3
Na5 9. Bb3 gxf5 10. Qe1 fxe4 11. Nxe4 Nxe4 12. Qxe4 Nxb3 13. axb3 f5 14. Qh4 e5
15. Qc4+ Kh8 16. Ng5 Qe7 17. Bd2 Bf6 18. Nf3 d5 19. Qa4 e4 20. dxe4 fxe4 21.
Ng5 Bd7 22. Qa3 e3 23. Bc3 d4 24. Rxf6 Qxf6 25. Ne4 Qf5 26. Ng3 Qf2+ 27. Kh1 e2
0-1

[Event "HUN Youth Ch U16 Boys Final"]
[Site "?"]
[Date "2013.06.22"]
[Round "2.3"]
[White "Kiss, Peter"]
[Black "Laza, Szabolcs"]
[Result "0-1"]
[WhiteElo "2018"]
[BlackElo "1968"]
[PlyCount "140"]
[EventDate "2013.??.??"]

1. e4 c5 2. Nf3 d6 3. c3 Nf6 4. Bd3 Nc6 5. O-O Bg4 6. Bc2 g6 7. h3 Bxf3 8. Qxf3
Bg7 9. d3 O-O 10. Qe2 Rc8 11. Be3 Nd7 12. f4 b5 13. a3 a5 14. Bb3 b4 15. f5 Nb6
16. Qf2 a4 17. Bd1 b3 18. Nd2 Ne5 19. Be2 Qd7 20. Rac1 Qb7 21. Qh4 Rc7 22. g4
Qa6 23. Bh6 f6 24. Bxg7 Kxg7 25. g5 fxg5 26. Qxg5 Rf6 27. Qe3 Qa7 28. Kh2 Nbd7
29. Rg1 Rc8 30. Nf1 Rg8 31. d4 Nf7 32. Bc4 Qc7 33. Ng3 Kh8 34. fxg6 hxg6 35.
Rgf1 Kg7 36. Rxf6 exf6 37. Qf4 Rh8 38. Bxf7 Kxf7 39. Qf1 Nb6 40. Ne2 Qc8 41.
Qf3 Nc4 42. Rf1 Qd8 43. e5 dxe5 44. Qb7+ Qe7 45. Qd5+ Qe6 46. Qb7+ Qe7 47. Qd5+
Qe6 48. Qb7+ Qe7 49. Qd5+ Qe6 50. Qb7+ Kg8 51. Qg2 Kg7 52. dxe5 Qxe5+ 53. Ng3
Re8 54. Rf2 Ne3 55. Qf3 Nf5 56. Qf4 Nxg3 57. Kxg3 g5 58. Qxe5 Rxe5 59. Rd2 Kg6
60. Kg2 Re3 61. Rf2 f5 62. Rd2 f4 63. Rd6+ Kf5 64. Rd5+ Re5 65. Rd2 Re3 66.
Rd5+ Ke4 67. Rd2 f3+ 68. Kf1 Re2 69. Rxe2+ fxe2+ 70. Kxe2 c4 0-1

[Event "HUN Youth Ch U16 Boys Final"]
[Site "Balatonlelle"]
[Date "2013.06.22"]
[Round "2.4"]
[White "Grimm, Gyorgy"]
[Black "Dankhazi, Andras"]
[Result "0-1"]
[WhiteElo "2009"]
[BlackElo "2186"]
[PlyCount "122"]
[EventDate "2013.??.??"]

1. e4 c5 2. Nf3 d6 3. d4 cxd4 4. Qxd4 a6 5. h3 Nc6 6. Qe3 Nf6 7. c4 g6 8. Nc3
Bg7 9. Be2 O-O 10. O-O Nd7 11. b3 Nc5 12. Bb2 Rb8 13. Qd2 Qa5 14. Rfd1 b5 15.
cxb5 axb5 16. Bd3 Ba6 17. Bb1 Rfc8 18. g3 b4 19. Nd5 Bxb2 20. Qxb2 Qa3 21. Qxa3
bxa3 22. Nd4 Nxd4 23. Rxd4 Kf8 24. Rd2 e6 25. Ne3 Ke7 26. f3 Bb5 27. b4 Na6 28.
Nc2 Rc3 29. Kf2 Ba4 30. Nd4 Rxb4 31. Ne2 Rc7 32. Rd3 Rb2 33. Rxa3 Bb5 34. Bd3
Bxd3 35. Rxd3 Rcc2 36. Re3 Rxa2 37. Rxa2 Rxa2 38. Rc3 Kd7 39. Ke3 Ra1 40. f4
Nc7 41. Rb3 f5 42. exf5 gxf5 43. g4 Ra4 44. gxf5 exf5 45. Kf3 Ke6 46. Re3+ Kf6
47. Rd3 d5 48. Rc3 Ne6 49. Rb3 Re4 50. Rb7 h6 51. Rh7 Kg6 52. Rd7 Kf6 53. Rh7
Kg6 54. Rd7 d4 55. Rd6 Kf7 56. Rd7+ Kf6 57. h4 d3 58. Ng3 Rxf4+ 59. Ke3 Rxh4
60. Kf3 Rd4 61. Kg2 Ke5 0-1

[Event "HUN Youth Ch U16 Boys Final"]
[Site "?"]
[Date "2013.06.22"]
[Round "2.5"]
[White "Zsirai, Peter"]
[Black "Csati, Oliver"]
[Result "1-0"]
[WhiteElo "2199"]
[BlackElo "2016"]
[PlyCount "69"]
[EventDate "2013.??.??"]

1. e4 g6 2. d4 Bg7 3. Nf3 d5 4. exd5 Qxd5 5. Be2 Nc6 6. O-O Nxd4 7. Nxd4 Qxd4
8. Qe1 Be6 9. Nc3 c6 10. Be3 Qb4 11. Bd2 Qxb2 12. Rb1 Qxc2 13. Rxb7 Rd8 14. Bf3
Bf6 15. Ne4 Kf8 16. Bb4 Re8 17. Nxf6 Nxf6 18. Qe5 Qf5 19. Qxf5 Bxf5 20. Bxc6
Be4 21. Bxe4 Nxe4 22. Re1 a5 23. Bxa5 Nd6 24. Ra7 Nb5 25. Rb7 Nd6 26. Rd7 h5
27. Bc3 Rh7 28. h4 Nf5 29. g3 Ra8 30. a4 Ke8 31. Rc7 Rxa4 32. Rb1 Ra8 33. Rbb7
Kf8 34. Ra7 Rxa7 35. Rc8# 1-0

[Event "HUN Youth Ch U16 Boys Final"]
[Site "?"]
[Date "2013.06.23"]
[Round "3.1"]
[White "Csati, Oliver"]
[Black "Juhasz, Armin"]
[Result "0-1"]
[WhiteElo "2016"]
[BlackElo "2214"]
[PlyCount "66"]
[EventDate "2013.??.??"]

1. e4 c5 2. Nf3 Nc6 3. g3 g6 4. Bg2 Bg7 5. O-O d6 6. c3 e5 7. Na3 Nge7 8. h3
O-O 9. Nc2 f5 10. d3 Kh8 11. b4 cxb4 12. Nxb4 Be6 13. Ng5 Bg8 14. exf5 gxf5 15.
h4 Rc8 16. Qa4 Rc7 17. Nxc6 bxc6 18. Ba3 Nd5 19. Bb4 Nxb4 20. cxb4 h6 21. Nh3
f4 22. Rac1 f3 23. Bh1 Bd5 24. Kh2 Qd7 25. a3 Qg4 26. Qd1 Rcf7 27. Rg1 Be6 28.
Qf1 Rc8 29. Re1 d5 30. Rc1 Bf8 31. Re1 Bd6 32. Re3 c5 33. bxc5 Rxc5 0-1

[Event "HUN Youth Ch U16 Boys Final"]
[Site "?"]
[Date "2013.06.23"]
[Round "3.2"]
[White "Dankhazi, Andras"]
[Black "Zsirai, Peter"]
[Result "0-1"]
[WhiteElo "2186"]
[BlackElo "2199"]
[PlyCount "106"]
[EventDate "2013.??.??"]

1. d4 d6 2. e4 Nf6 3. f3 c5 4. d5 g6 5. c4 Bg7 6. Ne2 O-O 7. Nec3 e6 8. Bg5 h6
9. Be3 exd5 10. cxd5 Na6 11. Nd2 Nc7 12. a4 a6 13. a5 Bd7 14. Nc4 Bb5 15. Bd3
Nfxd5 16. Nxb5 Nxe3 17. Nxe3 axb5 18. Qd2 c4 19. Be2 Ne6 20. Qb4 Nd4 21. Bd1
Nc6 22. Qxb5 Rxa5 23. Rxa5 Qxa5+ 24. Qxa5 Nxa5 25. Be2 b5 26. Kf2 Bxb2 27. Rb1
Bd4 28. Rxb5 c3 29. Bd3 Nc4 30. Rb4 Nxe3 31. Rxd4 c2 32. Bxc2 Nxc2 33. Rxd6 Na3
34. g4 Nb5 35. Rb6 Nd4 36. f4 Kg7 37. h4 Ra8 38. Rd6 Ne6 39. f5 gxf5 40. exf5
Nc5 41. Rd4 Ra2+ 42. Kg3 Ra3+ 43. Kg2 Ra4 44. Rxa4 Nxa4 45. g5 h5 46. Kf3 Nc5
47. Ke3 f6 48. Kd4 Nd7 49. Kd5 Kf7 50. Ke4 Ne5 51. Kf4 Nc4 52. Ke4 Nd6+ 53. Kf4
Kg7 0-1

[Event "HUN Youth Ch U16 Boys Final"]
[Site "?"]
[Date "2013.06.23"]
[Round "3.3"]
[White "Laza, Szabolcs"]
[Black "Grimm, Gyorgy"]
[Result "1/2-1/2"]
[WhiteElo "1968"]
[BlackElo "2009"]
[PlyCount "210"]
[EventDate "2013.??.??"]

1. d4 d5 2. c4 dxc4 3. Nf3 c6 4. e3 b5 5. a4 e6 6. b3 Bb4+ 7. Bd2 Bxd2+ 8. Qxd2
a5 9. bxc4 b4 10. Qc2 Nf6 11. Nbd2 c5 12. Nb3 Nbd7 13. dxc5 Qc7 14. c6 Nb8 15.
Nfd4 Nxc6 16. Be2 O-O 17. Nxc6 Qxc6 18. Bf3 Qa6 19. Bxa8 Qxa8 20. O-O Bb7 21.
f3 Rc8 22. Rac1 Nd5 23. Rfe1 Nc3 24. Nd2 Bc6 25. Ra1 Bb7 26. Qb3 Ba6 27. Kf2
Qc6 28. Rec1 Bxc4 29. Nxc4 Qxc4 30. Qb2 Qd3 31. h4 h6 32. g4 Rc7 33. e4 Qd4+
34. Kg2 Rc8 35. Rd1 Qb6 36. Rd3 Qc6 37. Qb3 Qa6 38. Rd2 Qc6 39. Rc1 Qc5 40. Rd3
Qc6 41. Rc2 Kh7 42. h5 Qc4 43. Qxc4 Rxc4 44. Rd7 b3 45. Rb2 Rb4 46. Rd3 Nxa4
47. Rbxb3 Nc5 48. Rxb4 axb4 49. Rd4 b3 50. Rb4 g6 51. Rb5 Nd3 52. Rxb3 Nf4+ 53.
Kg3 g5 54. Rb7 Kg7 55. Kf2 e5 56. Ke3 Ng2+ 57. Kd2 Nh4 58. Rb3 Kf6 59. Rd3 Ng2
60. Kc1 Nf4 61. Ra3 Ne2+ 62. Kb2 Nd4 63. Rd3 Ne6 64. Ka3 Nf4 65. Rd6+ Kg7 66.
Ka4 Ng2 67. Rd3 Nf4 68. Ra3 f6 69. Kb5 Ne6 70. Ra7+ Kg8 71. Kc4 Nf4 72. Kc5
Ne6+ 73. Kd6 Nd4 74. Rb7 Kf8 75. Rh7 Kg8 76. Rb7 Kf8 77. Kd7 Kf7 78. Kd6+ Kf8
79. Re7 Kg8 80. Rb7 Kf8 81. Rb8+ Kf7 82. Rb7+ Kf8 83. Rh7 Kg8 84. Rxh6 Kg7 85.
Rg6+ Kf7 86. Rh6 Kg7 87. Rg6+ Kf7 88. Rxg5 fxg5 89. Kxe5 Nxf3+ 90. Kf5 Nd2 91.
e5 Nf3 92. h6 Nd4+ 93. Kxg5 Ne6+ 94. Kh5 Nf4+ 95. Kg5 Ne6+ 96. Kf5 Nd4+ 97. Ke4
Ne6 98. Kd5 Ng5 99. Kd6 Ne4+ 100. Kd7 Ng5 101. h7 Nxh7 102. e6+ Kg6 103. e7
Nf6+ 104. Ke6 Ne8 105. Ke5 Kg5 1/2-1/2

[Event "HUN Youth Ch U16 Boys Final"]
[Site "?"]
[Date "2013.06.23"]
[Round "3.4"]
[White "Csonka, Balazs"]
[Black "Kiss, Peter"]
[Result "1-0"]
[WhiteElo "2354"]
[BlackElo "2018"]
[PlyCount "95"]
[EventDate "2013.??.??"]

1. d4 Nf6 2. Nf3 e6 3. c4 d5 4. Nc3 c6 5. Bg5 Be7 6. e3 Nbd7 7. Bd3 O-O 8. O-O
Re8 9. Qc2 b6 10. cxd5 exd5 11. Ne5 Nxe5 12. dxe5 Ng4 13. Bf4 g5 14. Bxh7+ Kg7
15. Bg3 Bc5 16. Ne2 Nxe5 17. Bxe5+ Rxe5 18. Ng3 Qh8 19. Bf5 Bxf5 20. Nxf5+ Kf8
21. Ng3 Qh4 22. a3 a5 23. b4 axb4 24. axb4 Rxa1 25. Rxa1 Qxb4 26. Qh7 Qh4 27.
Ra8+ Re8 28. Rxe8+ Kxe8 29. Qf5 Qa4 30. Qc8+ Ke7 31. h3 Ba3 32. Nf5+ Kf6 33. g4
Be7 34. Qh8+ Ke6 35. Qc8+ Kf6 36. Qc7 Bc5 37. Qd8+ Ke6 38. Qe8+ Kf6 39. Qd8+
Ke6 40. Ng7+ Ke5 41. Qxg5+ Kd6 42. Qd8+ Ke5 43. Qb8+ Kf6 44. Nh5+ Ke7 45. Qc7+
Ke6 46. Nf4+ Kf6 47. g5+ Kxg5 48. Qe5+ 1-0

[Event "HUN Youth Ch U16 Boys Final"]
[Site "?"]
[Date "2013.06.23"]
[Round "3.5"]
[White "Nemeti, Kornel"]
[Black "Nagybiro, Laszlo"]
[Result "0-1"]
[WhiteElo "1997"]
[BlackElo "1841"]
[PlyCount "90"]
[EventDate "2013.??.??"]

1. e4 e5 2. Nf3 Nc6 3. d4 exd4 4. c3 d5 5. exd5 Qxd5 6. cxd4 Bb4+ 7. Nc3 Bg4 8.
Be2 Bxf3 9. Bxf3 Qc4 10. Bxc6+ bxc6 11. Qe2+ Qxe2+ 12. Kxe2 O-O-O 13. Be3 Ne7
14. a3 Ba5 15. Rhd1 Rhe8 16. Kf3 Bb6 17. Na4 Nf5 18. Nxb6+ axb6 19. Rac1 Kb7
20. g4 Ne7 21. h3 Nd5 22. Rc2 Rd6 23. g5 Rde6 24. Rd3 Re4 25. Rc1 f6 26. gxf6
Nxf6 27. Rg1 g6 28. Rg3 Nd5 29. Rg4 R4e7 30. Rg3 Rd7 31. Kg2 Ne7 32. Rf3 Nf5
33. Rf4 Red8 34. Rc3 Nxd4 35. Bxd4 Rxd4 36. Rf7 R8d7 37. Rcf3 c5 38. R3f6 Rd2
39. a4 Rxf7 40. Rxf7 Rxb2 41. Rxh7 c4 42. Rd7 c3 43. Rd3 c2 44. Rc3 c5 45. Kg3
Rb3 0-1

[Event "HUN Youth Ch U16 Boys Final"]
[Site "?"]
[Date "2013.06.24"]
[Round "4.1"]
[White "Juhasz, Armin"]
[Black "Nagybiro, Laszlo"]
[Result "1/2-1/2"]
[WhiteElo "2214"]
[BlackElo "1841"]
[PlyCount "150"]
[EventDate "2013.??.??"]

1. d4 d5 2. c4 e6 3. Nf3 Nf6 4. Nc3 Be7 5. g3 O-O 6. Bg2 c5 7. cxd5 exd5 8. O-O
Be6 9. dxc5 h6 10. Be3 Na6 11. Rc1 Bxc5 12. Bxc5 Nxc5 13. Qd4 Nce4 14. Rfd1
Nxc3 15. Rxc3 Qa5 16. a3 Qb5 17. Qd3 Qb6 18. Nd4 a6 19. Rb3 Qa7 20. Rc3 Rac8
21. Rdc1 Rxc3 22. Rxc3 Qb6 23. b3 Rd8 24. e3 Qd6 25. b4 Nd7 26. Nxe6 fxe6 27.
Qc2 Nb6 28. Bf1 e5 29. Rc7 Rd7 30. Rxd7 Qxd7 31. Qg6 Nc8 32. Bd3 e4 33. Be2 Ne7
34. Qb6 Nc8 35. Qc5 b6 36. Qd4 b5 37. Qc5 Ne7 38. h3 Kf7 39. Bg4 Qc6 40. Qxc6
Nxc6 41. Bc8 Nb8 42. f4 exf3 43. Kf2 Kf6 44. Kxf3 Ke5 45. Bb7 d4 46. Ke2 dxe3
47. Kxe3 Kd6 48. Kf4 Kc7 49. Be4 Nd7 50. Kf5 Nf8 51. Ke5 Nd7+ 52. Ke6 g5 53. g4
Nb6 54. Kf6 Nc4 55. Kg6 Kd6 56. Kxh6 Ke5 57. Bb7 Kf4 58. Bxa6 Nxa3 59. Kg6 Nc2
60. Bxb5 Nxb4 61. Bd7 Nd3 62. Kh5 Nf2 63. h4 Ne4 64. hxg5 Nxg5 65. Bf5 Nf7 66.
Bc2 Ng5 67. Ba4 Ne4 68. Kh4 Ng5 69. Bc6 Ne6 70. Bb7 Ng5 71. Bd5 Nh7 72. Bg8 Nf6
73. g5 Nxg8 74. g6 Kf5 75. Kg3 Kxg6 1/2-1/2

[Event "HUN Youth Ch U16 Boys Final"]
[Site "?"]
[Date "2013.06.24"]
[Round "4.2"]
[White "Kiss, Peter"]
[Black "Nemeti, Kornel"]
[Result "1-0"]
[WhiteElo "2018"]
[BlackElo "1997"]
[PlyCount "119"]
[EventDate "2013.??.??"]

1. e4 c5 2. Nf3 Nc6 3. Bb5 Nf6 4. Bxc6 bxc6 5. d3 g6 6. O-O Bg7 7. h3 d5 8. e5
Nd7 9. Re1 Nf8 10. Nc3 Ne6 11. Ng5 Nc7 12. Na4 h6 13. Nf3 Ne6 14. b3 O-O 15.
Ba3 Qa5 16. Qd2 Qxd2 17. Nxd2 f6 18. Nf3 Ng5 19. Nxg5 hxg5 20. exf6 Bxf6 21.
Rad1 g4 22. Bxc5 Rf7 23. hxg4 Bxg4 24. f3 Bd7 25. Bf2 Re8 26. Nc5 Bc8 27. Ne6
Bc3 28. Re2 Ba5 29. Bxa7 Rf6 30. Ng5 e5 31. Bc5 Bc3 32. d4 Rf5 33. Nh3 e4 34.
Nf2 Ba6 35. Re3 Ba5 36. fxe4 dxe4 37. Rxe4 Rxe4 38. Nxe4 Be2 39. Rb1 Bc7 40.
Re1 Ba6 41. c4 Bc8 42. Rf1 Bh2+ 43. Kxh2 Rxf1 44. a4 Rb1 45. b4 Ra1 46. a5 Be6
47. d5 cxd5 48. cxd5 Bf5 49. Nd6 Bd3 50. Kg3 Ra2 51. Kf4 Rxg2 52. b5 Ra2 53. b6
Ba6 54. b7 Bxb7 55. Nxb7 Kf7 56. Bb6 Ke7 57. Ke5 Re2+ 58. Kd4 Ra2 59. Nc5 g5
60. Bc7 1-0

[Event "HUN Youth Ch U16 Boys Final"]
[Site "?"]
[Date "2013.06.24"]
[Round "4.3"]
[White "Grimm, Gyorgy"]
[Black "Csonka, Balazs"]
[Result "0-1"]
[WhiteElo "2009"]
[BlackElo "2354"]
[PlyCount "96"]
[EventDate "2013.??.??"]

1. e4 c5 2. Nf3 e6 3. d4 cxd4 4. Nxd4 Nc6 5. Nb5 d6 6. Bf4 e5 7. Be3 Nf6 8.
N5c3 Be6 9. Be2 Be7 10. O-O O-O 11. Nd2 Rc8 12. Kh1 Qd7 13. f3 Rfd8 14. Nb3 d5
15. exd5 Nxd5 16. Nxd5 Bxd5 17. c3 Qe6 18. Nd2 Qg6 19. Qa4 Bg5 20. Bxg5 Qxg5
21. Rad1 Qe3 22. Rfe1 Qf2 23. Ne4 Bxe4 24. Qxe4 Rd2 25. Bf1 Rxd1 26. Rxd1 Qxb2
27. Qc4 Rf8 28. h3 Qf2 29. Qb3 Rd8 30. Rxd8+ Nxd8 31. Qd1 Qh4 32. Qd5 Qe7 33.
Bd3 g6 34. Bb5 Kg7 35. Bd7 b6 36. Kh2 f6 37. Kh1 Nf7 38. Qb7 a5 39. Kh2 Nd8 40.
Qd5 Qc5 41. Qa8 Qc7 42. Be8 Ne6 43. Bc6 e4+ 44. Kg1 exf3 45. Qe8 Ng5 46. h4 Nf7
47. gxf3 Ne5 48. Be4 f5 0-1

[Event "HUN Youth Ch U16 Boys Final"]
[Site "?"]
[Date "2013.06.24"]
[Round "4.4"]
[White "Zsirai, Peter"]
[Black "Laza, Szabolcs"]
[Result "0-1"]
[WhiteElo "2199"]
[BlackElo "1968"]
[PlyCount "114"]
[EventDate "2013.??.??"]

1. e4 c5 2. Nf3 d6 3. d4 cxd4 4. Nxd4 Nf6 5. Nc3 Nc6 6. Bg5 e6 7. Qd2 a6 8.
O-O-O h6 9. Nxc6 bxc6 10. Bf4 d5 11. Qe3 Qa5 12. Be2 Bb4 13. Be5 Be7 14. Qg3
O-O 15. h4 Ne8 16. exd5 exd5 17. Qe3 Bf6 18. g4 Bxe5 19. Qxe5 Qc5 20. g5 Qd6
21. Qe3 Qg6 22. Bd3 Qe6 23. gxh6 Qxh6 24. Rhg1 Qxe3+ 25. fxe3 f5 26. Rg5 Rf6
27. Rdg1 Ra7 28. Ne2 Re7 29. Nd4 Rxe3 30. Bxf5 Bxf5 31. Nxf5 Rf3 32. Nxg7 Rf1+
33. Kd2 R6f2+ 34. Ke3 Rf3+ 35. Ke2 R3f2+ 36. Ke3 d4+ 37. Kxd4 Rxg1 38. Rxg1
Nxg7 39. Rc1 Rf5 40. b4 Kf7 41. c4 Ne6+ 42. Ke4 Kf6 43. a4 a5 44. Rb1 Rf4+ 45.
Kd3 axb4 46. Rxb4 Rxh4 47. a5 Ke5 48. Rb6 Kd6 49. Rb8 Rh3+ 50. Kc2 Ra3 51. Ra8
Nd4+ 52. Kb2 Ra4 53. a6 Kc5 54. Kc3 Rxc4+ 55. Kd3 Ra4 56. Rh8 Nb5 57. Ra8 Ra3+
0-1

[Event "HUN Youth Ch U16 Boys Final"]
[Site "?"]
[Date "2013.06.24"]
[Round "4.5"]
[White "Csati, Oliver"]
[Black "Dankhazi, Andras"]
[Result "0-1"]
[WhiteElo "2016"]
[BlackElo "2186"]
[PlyCount "208"]
[EventDate "2013.??.??"]

1. d4 Nf6 2. c4 g6 3. Nc3 d5 4. cxd5 Nxd5 5. e4 Nxc3 6. bxc3 Bg7 7. Ba3 Nd7 8.
Nf3 c5 9. Qb3 Qa5 10. Bc4 O-O 11. O-O a6 12. Ng5 e6 13. Nxf7 Rxf7 14. Bxe6 Ne5
15. Bxf7+ Nxf7 16. Bxc5 Qc7 17. a4 Qc6 18. Rab1 Rb8 19. Ba7 Ra8 20. Bb6 Bd7 21.
a5 Qxe4 22. Rfe1 Qf5 23. Re7 Bf8 24. Re5 Qf6 25. Re3 Bd6 26. Rbe1 Bc6 27. d5
Bd7 28. Bd4 Qh4 29. g3 Qg4 30. Re4 Qh3 31. f4 g5 32. Qxb7 Rf8 33. R4e3 Bg4 34.
fxg5 Bd7 35. Qxa6 Qg4 36. Qe2 Qxg5 37. Rf1 Qxd5 38. a6 Ng5 39. Rxf8+ Bxf8 40.
Kf2 Qf5+ 41. Ke1 Bc6 42. Qd3 Qd5 43. a7 Nf3+ 44. Rxf3 Qxf3 45. Qxf3 Bxf3 46.
Kf2 Bc6 47. g4 Kf7 48. h4 Be7 49. Kg3 Ke6 50. g5 Kf5 51. Bf2 Bd6+ 52. Kh3 Be5
53. c4 Bd6 54. Bg1 Bb4 55. Bf2 Kf4 56. Bg3+ Kf5 57. Bf2 Bc3 58. Bg3 Bd4 59. Bb8
Bf2 60. Bd6 Bxa7 61. c5 Bf3 62. Kg3 Be2 63. Kf2 Bh5 64. Kg3 Bd1 65. Kh3 Ba4 66.
Kg3 Bd7 67. Kf3 Bc6+ 68. Kg3 Be8 69. Kh3 Bd7 70. Kg3 Kg6 71. Kf4 Bb5 72. Ke5
Bd7 73. Kd5 Kh5 74. c6 Bc8 75. Bg3 Kg4 76. Be1 Bb8 77. Kc5 Bc7 78. Kd5 Bf5 79.
Kc5 Be4 80. Kb5 Bf3 81. Kc5 Kf5 82. Bf2 Be4 83. Be1 Kf4 84. Bd2+ Kg4 85. Be1
Bg6 86. Kd5 Bf7+ 87. Kc5 Be8 88. Kd5 Bg6 89. Ke6 Be8 90. Kd5 Kf3 91. Kc5 Ke2
92. Bc3 Bg3 93. Bf6 Kf3 94. Kb6 Kg4 95. c7 Bd7 96. Kb7 Bxh4 97. c8=Q Bxc8+ 98.
Kxc8 Bxg5 99. Bd4 h5 100. Kd7 h4 101. Bg1 h3 102. Ke6 Kg3 103. Kf5 Kg2 104. Kg4
Be7 0-1

[Event "HUN Youth Ch U16 Boys Final"]
[Site "?"]
[Date "2013.06.25"]
[Round "5.1"]
[White "Dankhazi, Andras"]
[Black "Juhasz, Armin"]
[Result "1/2-1/2"]
[WhiteElo "2186"]
[BlackElo "2214"]
[PlyCount "31"]
[EventDate "2013.??.??"]

1. d4 Nf6 2. c4 e6 3. Nf3 b6 4. g3 Bb7 5. Bg2 Be7 6. O-O O-O 7. Nc3 Na6 8. Qa4
c5 9. d5 exd5 10. cxd5 d6 11. e4 Nc7 12. Qc2 b5 13. b3 Nd7 14. Bf4 b4 15. Na4
Nb5 16. Rad1 1/2-1/2

[Event "HUN Youth Ch U16 Boys Final"]
[Site "?"]
[Date "2013.06.25"]
[Round "5.2"]
[White "Laza, Szabolcs"]
[Black "Csati, Oliver"]
[Result "0-1"]
[WhiteElo "1968"]
[BlackElo "2016"]
[PlyCount "126"]
[EventDate "2013.??.??"]

1. d4 Nf6 2. c4 c5 3. d5 b5 4. Nf3 bxc4 5. Nc3 Bb7 6. e4 e6 7. Bxc4 exd5 8.
exd5 d6 9. O-O Be7 10. Qb3 Bc8 11. Bb5+ Bd7 12. Re1 O-O 13. h3 Bxb5 14. Nxb5 a6
15. Nc3 Nbd7 16. Bf4 Re8 17. Re2 Rb8 18. Qc2 Nb6 19. Qd3 Qd7 20. Rd1 Qb7 21.
Bg3 Bf8 22. Rxe8 Rxe8 23. Bh4 Nbd7 24. Rd2 Nh5 25. Ng5 g6 26. Nf3 Bg7 27. Bg3
Nxg3 28. fxg3 Ne5 29. Nxe5 Bxe5 30. Re2 Qb6 31. Kh1 Rb8 32. Qf3 Qd8 33. Rf2 Qe7
34. Re2 Qd8 35. Qd3 Qg5 36. Kh2 f5 37. Qd2 Qxg3+ 38. Kg1 Bd4+ 39. Kh1 Be5 40.
Kg1 Bd4+ 41. Kh1 Be5 42. Kg1 Qh2+ 43. Kf2 Bd4+ 44. Kf3 Be5 45. Kf2 Rb4 46. Qg5
Bg3+ 47. Qxg3 Rf4+ 48. Qxf4 Qxf4+ 49. Ke1 Kf7 50. a3 h5 51. Nd1 Qd4 52. Nc3 h4
53. Kf1 g5 54. Rf2 Kg6 55. Re2 g4 56. hxg4 fxg4 57. g3 h3 58. Re6+ Kf5 59. Re2
Qd3 60. Kf2 Qf3+ 61. Kg1 Qxg3+ 62. Kh1 Qf3+ 63. Kg1 g3 0-1

[Event "HUN Youth Ch U16 Boys Final"]
[Site "?"]
[Date "2013.06.25"]
[Round "5.3"]
[White "Csonka, Balazs"]
[Black "Zsirai, Peter"]
[Result "1/2-1/2"]
[WhiteElo "2354"]
[BlackElo "2199"]
[PlyCount "61"]
[EventDate "2013.??.??"]

1. d4 d6 2. Nf3 Bg4 3. c4 Bxf3 4. exf3 c6 5. Nc3 g6 6. Be3 Bg7 7. Be2 Nf6 8.
O-O O-O 9. Qb3 Qc7 10. Rac1 Nbd7 11. f4 a5 12. Bf3 Rfe8 13. Qc2 e5 14. dxe5
dxe5 15. f5 Nb6 16. Ne4 Nc8 17. Rcd1 Nxe4 18. Bxe4 Nd6 19. h4 Rad8 20. Bg5 f6
21. Be3 gxf5 22. Bxf5 Nxf5 23. Qxf5 b5 24. h5 Qc8 25. Qc2 Qe6 26. cxb5 cxb5 27.
Rxd8 Rxd8 28. Rd1 Rxd1+ 29. Qxd1 Bf8 30. Qd8 Qd6 31. Qxa5 1/2-1/2

[Event "HUN Youth Ch U16 Boys Final"]
[Site "?"]
[Date "2013.06.25"]
[Round "5.4"]
[White "Nemeti, Kornel"]
[Black "Grimm, Gyorgy"]
[Result "1/2-1/2"]
[WhiteElo "1997"]
[BlackElo "2009"]
[PlyCount "81"]
[EventDate "2013.??.??"]

1. e4 d5 2. exd5 Qxd5 3. Nc3 Qa5 4. d4 Nf6 5. Nf3 Bf5 6. Bc4 e6 7. O-O Bb4 8.
Bd2 Nc6 9. a3 Bxc3 10. Bxc3 Qb6 11. Ne5 Rd8 12. Qe2 Nxd4 13. Bxd4 Rxd4 14. Bd3
Bxd3 15. Nxd3 O-O 16. Qf3 c6 17. Rfe1 Rfd8 18. h3 Qa5 19. Re5 R4d5 20. Re2 c5
21. Ne5 Qc7 22. Nd3 c4 23. Ne1 b6 24. g3 Qc6 25. Qe3 Qd6 26. Nf3 Qc5 27. Qxc5
Rxc5 28. Rae1 Rcd5 29. Ne5 b5 30. a4 a6 31. axb5 axb5 32. b3 cxb3 33. cxb3 Rd1
34. Kg2 Rxe1 35. Rxe1 Nd5 36. Rc1 f6 37. Nf3 e5 38. Rc5 b4 39. Rb5 Rd7 40. Ne1
Kf7 41. Nc2 1/2-1/2

[Event "HUN Youth Ch U16 Boys Final"]
[Site "?"]
[Date "2013.06.25"]
[Round "5.5"]
[White "Nagybiro, Laszlo"]
[Black "Kiss, Peter"]
[Result "1/2-1/2"]
[WhiteElo "1841"]
[BlackElo "2018"]
[PlyCount "86"]
[EventDate "2013.??.??"]

1. e4 d6 2. d4 Nf6 3. Nc3 e5 4. Nf3 exd4 5. Nxd4 Be7 6. Be3 O-O 7. Qd2 Nbd7 8.
O-O-O a6 9. f4 Nc5 10. Bd3 Nxd3+ 11. cxd3 c5 12. Nc2 b5 13. h3 b4 14. Ne2 Be6
15. a3 bxa3 16. Nxa3 d5 17. e5 d4 18. Bf2 Nd5 19. g4 Nb4 20. Kb1 Bb3 21. Nc1
Bxd1 22. Qxd1 Rb8 23. Nc4 Qd7 24. Qd2 Nd5 25. Ne2 Qb7 26. Rg1 Qb3 27. Qc2 Qb5
28. Be1 Nb6 29. Na3 Qc6 30. Nxd4 Qd7 31. Nf5 Rfd8 32. Nxe7+ Qxe7 33. Bc3 Nd5
34. f5 Qd7 35. Rg3 Nb4 36. Bxb4 cxb4 37. Nc4 Qd5 38. Qc1 b3 39. f6 Rb4 40. Re3
Rc8 41. Qe1 Qg2 42. Qe2 Qg1+ 43. Qe1 Qg2 1/2-1/2

[Event "HUN Youth Ch U16 Boys Final"]
[Site "?"]
[Date "2013.06.26"]
[Round "6.1"]
[White "Juhasz, Armin"]
[Black "Kiss, Peter"]
[Result "1-0"]
[WhiteElo "2214"]
[BlackElo "2018"]
[PlyCount "83"]
[EventDate "2013.??.??"]

1. Nf3 d5 2. d4 c6 3. Bf4 Nf6 4. e3 e6 5. Nbd2 Nbd7 6. h3 Be7 7. Bd3 O-O 8. O-O
b6 9. c4 Bb7 10. cxd5 exd5 11. Rc1 c5 12. Ne5 Nxe5 13. Bxe5 Nd7 14. Bh2 Rc8 15.
Nf3 Re8 16. b3 Nf6 17. Ne5 Bd6 18. Qf3 Qc7 19. Rfd1 Qb8 20. Qf5 Rcd8 21. Kh1
Qc8 22. Qxc8 Rxc8 23. Nd7 Bxh2 24. Nxf6+ gxf6 25. Kxh2 cxd4 26. exd4 h6 27. Bf5
Rxc1 28. Rxc1 Re7 29. Kg3 Ba6 30. Rc6 Re2 31. Rc7 Rxa2 32. Rxa7 Ra5 33. b4 Ra3+
34. f3 Ra4 35. Bd7 b5 36. Ra8+ Kg7 37. Bc6 Rxb4 38. Rxa6 Rxd4 39. Bxb5 Rd2 40.
Rd6 d4 41. Bc4 Rc2 42. Rxd4 1-0

[Event "HUN Youth Ch U16 Boys Final"]
[Site "?"]
[Date "2013.06.26"]
[Round "6.2"]
[White "Grimm, Gyorgy"]
[Black "Nagybiro, Laszlo"]
[Result "1/2-1/2"]
[WhiteElo "2009"]
[BlackElo "1841"]
[PlyCount "144"]
[EventDate "2013.??.??"]

1. e4 e5 2. Nf3 Nc6 3. Bb5 Nge7 4. d4 exd4 5. Nxd4 Nxd4 6. Qxd4 Nc6 7. Qd1 g6
8. O-O Bg7 9. c3 O-O 10. Be3 d6 11. Nd2 d5 12. exd5 Qxd5 13. Bc4 Qd8 14. h3 Ne5
15. Be2 b6 16. Nf3 Bb7 17. Nxe5 Bxe5 18. Qc2 c5 19. Rad1 Qc7 20. Rd2 Bh2+ 21.
Kh1 Bf4 22. Bxf4 Qxf4 23. Rfd1 Be4 24. Bd3 Bc6 25. Kg1 Rfe8 26. Bf1 Be4 27. Bd3
Bb7 28. Bb5 Re7 29. Qa4 Re4 30. Qc2 Qg5 31. Bf1 Rae8 32. Qd3 Re1 33. g3 R1e3
34. Qd6 R3e6 35. Qd7 Bf3 36. Ra1 Bc6 37. Qd3 Bb5 38. Qd5 Qxd5 39. Rxd5 Bxf1 40.
Kxf1 Re2 41. b4 cxb4 42. cxb4 Rb2 43. Rd4 Ree2 44. Rf4 Rxa2 45. Rd1 Re7 46.
Rd8+ Kg7 47. Rfd4 Rb2 48. Rb8 Re5 49. Rf4 Rf5 50. Rxf5 gxf5 51. Rb7 Rxb4 52.
Rxa7 f4 53. gxf4 Rxf4 54. Kg2 Rb4 55. Kg3 Kg6 56. Rb7 Rb1 57. Kf4 b5 58. h4 Rb2
59. f3 h5 60. Rb6+ f6 61. Rb8 Rb4+ 62. Kg3 Rb1 63. Kf4 Rb3 64. Rg8+ Kh7 65. Rb8
Kg7 66. Rb7+ Kg6 67. Rb8 Rb4+ 68. Kg3 Rb1 69. Kf4 b4 70. Rg8+ Kh7 71. Rb8 Kg6
72. Rg8+ Kh7 1/2-1/2